| 000 | 00850nam a22002177a 4500 | ||
|---|---|---|---|
| 999 |
_c11106 _d11106 |
||
| 003 | AR-CdUCM | ||
| 008 | 190402b ||||| |||| 00| 0 spa d | ||
| 040 |
_aMUNICIPALIDAD PROVINCIAL DEL CUSCO _cBIBLIOTECA MUNICIPAL DEL CUSCO |
||
| 082 |
_23ed. _aC / 801.958 / _bP44L |
||
| 100 |
_aPerez Ruibal G., José María _928277 |
||
| 245 | _aLiteratura Peruana / | ||
| 260 |
_aCusco : _bEdiciones Orientación, _c1975. |
||
| 300 |
_a111 páginas ; _c21 cm. |
||
| 500 | _aSesquicentenario del Colegio Nacional de Ciencias 1825 - 1975. | ||
| 505 | _aContenido: Romanticismo -- El paisaje, el hombre y la literatura -- La literatura Inkaika -- La escritura en el antiguo Perú -- Clases de Jarawi -- La Copla ... | ||
| 650 |
_aCriticas _928278 |
||
| 650 |
_aLiteratura Peruana _9132 |
||
| 650 |
_aBiografías _9148 |
||
| 942 |
_2ddc _cLIBROS |
||
| 945 | _aachl | ||